000 01098nam a2200229Ia 4500
999 _c55964
_d55964
001 23063
003 GE_BSU
005 20230504124053.0
008 181216s1988ge xx |||||||||||||| ||geo||
020 _a551100121X
040 _cGE_BSU
041 _ageo
080 _a821.14'01-21 ს-72
100 _aსოფოკლე
_915460
245 _aთებეს ტრაგედიები /
_cსოფოკლე ძვ. ბერძნ. თარგმნა, წინასიტყვ. და კომენტ. დაურთო გიორგი ხომერიკმა
264 _aთბილისი :
_bუნ-ტის გამ-ბა,
_c1988.
300 _a272 გვ. :
_b ილ. ; .
_c19 სმ.
653 _aთებეს ტრაგედიები
653 _aოიდიპოს მეფე; ოიდიპოსი კოლონოსში; ანტიგონე;
700 _a ხომერიკი, გიორგი
_e თარგმნა, წინასიტყვაობა დაურთო
_917959
942 _cBK
_2udc